Transnacional'nyje korporacii social'naja dejatel'nost' i ekspluatacija trudjaščichsja

Na minha lista:
Detalhes bibliográficos
Formato: Livro
Idioma:russo
Publicado em: Kijev Naukova dumka 1982
Tags: Adicionar Tag
Sem tags, seja o primeiro a adicionar uma tag!

MARC

LEADER 00000nam a2200000 4500
001 c116577
005 20251203125708.8
041 0 |a rus 
044 |a UA 
245 1 0 |a Transnacional'nyje korporacii  |b social'naja dejatel'nost' i ekspluatacija trudjaščichsja  |c Aleksandr Glebovič Cvetkov, Aleksandr Vladimirovič Potechin 
264 1 |a Kijev  |b Naukova dumka  |c 1982 
300 |a 145 s.